000 00545nam a22002057a 4500
001 00028825
005 20260420083710.0
008 260420b ag ||||| |||| 00| 0 spa d
020 _a8441324176
040 _aAR-CcCEOS
_bspa
_cAR-CcCEOS
041 _aspa
080 _a931
090 _bSCA
100 1 _aScarpari, Maurizio
_91082
245 _aAntigua China :
_bUna cultura milenaria /
_cMaurizio Scarpari
260 _aArgentina :
_bFolio.
300 _a144 p. ;
_c30x24 cm.
490 _vGrandes civilizaciones
942 _2udc
_cBK
_n0
999 _c28861
_d28861